书目信息 |
| 题名: |
中国台球协会裁判员手册
|
|
| 作者: | 唐峰 , 吴立春 编译 | |
| 分册: | ||
| 出版信息: | 北京 北京体育大学出版社 2003 |
|
| 页数: | 162页 | |
| 开本: | 20cm | |
| 丛书名: | ||
| 单 册: | ||
| 中图分类: | G893.4-62 | |
| 科图分类: | ||
| 主题词: | 台球运动 , 裁判法 , 台球运动--裁判法--手册 | |
| 电子资源: | ||
| ISBN: | 7-81051-765-1 | |
| 000 | 00856nam0 2200253 450 | |
| 001 | 002495132 | |
| 005 | 20061114090204.18 | |
| 010 | @a7-81051-765-1@dCNY25.00 | |
| 100 | @a20031106d2003 em y0chiy0110 ea | |
| 101 | 0 | @achi |
| 102 | @aCN@b110000 | |
| 105 | @aa z 000yy | |
| 200 | 1 | @a中国台球协会裁判员手册@9zhong guo tai qiu xie hui cai pan yuan shou ce@f唐峰,吴立春编译 |
| 210 | @a北京@c北京体育大学出版社@d2003 | |
| 215 | @a162页@c彩图@d20cm | |
| 330 | @a本书图文并茂,全面系统地介绍了台球裁判员应掌握的理论知识,执法过程中的规范行为,以及赛前赛后应该注意的事项等内容。 | |
| 606 | 0 | @a台球运动 |
| 606 | 0 | @a裁判法 |
| 606 | 0 | @a台球运动@x裁判法@j手册 |
| 690 | @aG893.4-62@v4 | |
| 701 | 0 | @a唐峰@9tang feng@c(台球运动)@4编译 |
| 701 | 0 | @a吴立春@9wu li chun@c(台球运动)@4编译 |
| 801 | 0 | @aCN@bNLC@c20061114 |
| 905 | @a10447@dG893.4-62@e231 | |
| 中国台球协会裁判员手册/唐峰,吴立春编译.-北京:北京体育大学出版社,2003 |
| 162页:彩图;20cm |
| ISBN 7-81051-765-1:CNY25.00 |
| 本书图文并茂,全面系统地介绍了台球裁判员应掌握的理论知识,执法过程中的规范行为,以及赛前赛后应该注意的事项等内容。 |
| ● |
| 相关链接 |
|
|
|
|
正题名:中国台球协会裁判员手册
索取号:G893.4-62/231
 
预约/预借
| 序号 | 登录号 | 条形码 | 馆藏地/架位号 | 状态 | 备注 |
| 1 | 0382914 | 203829143 | 第一样本阅览室/ [索取号:G893.4-62/231] | 在馆 | |
| 2 | 0382915 | 203829152 | 第四借阅区/ [索取号:G893.4-62/231] | 在馆 | |
| 3 | 0382916 | 203829161 | 第四借阅区/ [索取号:G893.4-62/231] | 在馆 | |
| 4 | 0382917 | 203829170 | 第四借阅区/ [索取号:G893.4-62/231] | 在馆 | |
| 5 | 0382918 | 203829189 | 第四借阅区/ [索取号:G893.4-62/231] | 在馆 |